Quizzes
Events
Quiz Creation
Community
Videos
Private Events
Remove Ads
Sign In
Join for FREE
Feedback
Dark Mode
Quiz Categories
Sports
Geography
Music
Movies
Television
Just For Fun
Miscellaneous
History
Literature
Language
Science
Gaming
Entertainment
Religion
Holiday
For Kids
Quiz Lab
Recent
Popular Today
Quiz Kudos Today
Editor Picks
Curator Picks
Quizzes by...
Day
Popularity
Type
Ratings
Length
Year
Community
Subscriptions
Recent Discussions
Orange Saloon
Badges
Playlists
Quests
Create
Leaderboards
Showdown
Live 5
Trivia Bingo
Activity
Puzzle Library
Sporcle Events
Private Events
Virtual Trivia
Globe League
Become a Host
Pub Owners
SporcleCon
Opinionation
Our Games
Videos
Blog
Mobile Apps
Partnerships
Remove Ads and Go Orange
Feedback
Music
Pop Music
The Beatles
Song
Album
Lyrics
Bands
Singers
Artist
Clip
Rock
Rap
Classical
Billboard
Country Music
Kpop
Taylor Swift
Music
Pop Music
The Beatles
Song
Album
Lyrics
Bands
Singers
Artist
Clip
Rock
Rap
Classical
Billboard
Country Music
Kpop
Taylor Swift
Random Quiz
Search Sporcle
×
Quiz Lab
Quiz Lab
Music
Bruce Springsteen
Type in answers that appear in a list
Type in answers that appear in a list
Classic
Best Score? Go Orange.
Profile: Bruce Springsteen Stats
Can you name the facts about Bruce Springsteen??
By
Jcohen
10m
17 Questions
630 Plays
630 Plays
630 Plays
Comments
Comments
Give Quiz Kudos
Give Quiz Kudos
-
- Ratings
hide this ad
More Info
Replay
Link that replays current quiz
Next Quiz
Link to next quiz in quiz playlist
You Got
0%
They Got
Avg Score
61%
Avg Friend Score
Upgrade to see
Score Distribution
Jump to the score distribution portion of the page
Score
0/17
Timer
10:00
0
Plays Today
Hint
Answer
% Correct
Nickname
'The Boss'
94.8%
Born in (State)
New Jersey
93.2%
Band
The E Street Band
90.2%
Instruments (Name One)
Guitar, Harmonica, Piano
90%
Religion
Roman Catholic
86.8%
Year Born
1949
82.1%
First Album
Greetings From Asbury Park, N.J.
71.6%
Newest Album
Working On A Dream
66%
Year Inducted Into the Rock and Roll Hall of Fame
1999
59.7%
Hint
Answer
% Correct
Wife
Patti Scialfa
59.4%
Children (Name One)
Evan James, Jessica Rae, and Sam Ryan
58.6%
Record Label
Columbia
55.9%
Manager
Jon Landau
47%
Parents Names (Either One)
Doug
37.9%
Zodiac Sign
Libra
30.2%
Number of Records to Reach #1
Seven
19.4%
Middle Name
Fredrick Joseph
10.3%
Quiz Playlist
Details
Report
Send in Message
Add To Playlist
More Info:
Also try: http://www.sporcle.com/games/Jcohen/before_after_brucespringsteen
Classic:
Type in answers that appear in a list
Quiz Source
Last Updated: Feb 16, 2017
Quiz Scoreboard
CHALLENGE
Sign Up to Join the Scoreboard
Show All
Scores
Hide
Comments
May contain spoilers
Recently Published
9x9 Crossword: Cartoon Network
by jackfrog10
Miscellaneous
3m
College Basketball Coaching Resumes
by pancakes188
Sports
9m
Billboard Blitz: Fleetwood Mac
by CooCooCachoo
Music
15s
More to Explore
Quiz From the Vault
Featured Blog Post
Where Did the Easter Bunny Come From?
hide this ad
You Might Also Like...
Tags
bruce
Bruce Springsteen
profile
Today's Top Quizzes in Music
Browse Music
hide this ad
Today's Top Quizzes in Bruce Springsteen
Browse Bruce Springsteen
Top Contributed Quizzes in Music
1
Taylor Swift All Songs (2024)
2
Guess the Artist- 70s Songs
3
7-to-1: Billboard Hot 100 #1 Hits of 2010s
4
Sorting Albums and Songs
5
Taylor Swift Logic Puzzle
6
KPOP LOGIC QUIZ
7
Guess the Taylor Swift song (Mystery Song)
8
Guess The Taylor Swift Lyrics Song #1
9
Billboard Blitz: ABBA
10
One Thing in Common: Music
Explore More
Trending Topics
Disney
Harry Potter
Marvel
Anime
NBA
Kpop
Crossword
Puzzle
The Office
Pokémon
NFL
Soccer
Country
Song
WWE
hide this ad
More By:
Jcohen
Quiz
Plays
Rating
Category
Featured
Created
Antonyms of Springsteen songs
890
4.00
Music
Feb 24, 2010
Profile: Bruce Springsteen
630
2.33
Music
Apr 21, 2010
Before and After Bruce Springsteen
550
4.80
Music
Apr 20, 2010
Bruce Springsteen songs composed by others
279
2.00
Music
Feb 4, 2010
Go to Creator's Profile
Score Distribution
Quiz Creator Spotlight
Jcohen
Follow
Send a Message
Quizzes Created
-
Created Quiz Play Count
-
More By This Creator
Popular Quizzes Today
1
Find the US States - No Outlines Minefield
2
Find the Countries of Europe - No Outlines Minefield
3
The Countries of the World
4
Find the US States
5
Risky Map Clicking: Biggest States A-Z
6
US States
7
Popular People in 1961
8
Movies - When Are They Set?
More Music Quizzes
Little Mix Songs By Any Word
Quiz Lab
Trending Quizzes
Risky Map Clicking: Least Populous States A-Z
1-10 Letter G Words
1-10 Letter F Words
Risky Map Clicking: Next State Alphabetically
Adjectives in 80s TV Shows
Recently Updated
Leaping Animals
pecheneg
Reality TV Shows (A-Z)
bhenderson79
Rickey Henderson's Hall of Fame Teammates
pecheneg
Champions League XIs: Arsenal
pecheneg
Quick Pick: Celebrities in WWE's Hall of Fame
aduchscher
A-Z Keypad Blitz II
pecheneg
Multiple Oscar Actors
pecheneg
Mystery Phrase Blitz: Oscar 'Best Actors'
pecheneg
F. Scott Fitzgerald Novels
LTH
Pick 3 Villains
ddd62291
Trending Topics
Harry Potter
Crossword
Marvel
NBA
Anime
Disney
Kpop
Song
Pokémon
Puzzle
WWE
The Office
NFL
Soccer
Country
Your Account Isn't Verified!
In order to create a playlist on Sporcle, you need to verify the email address you used during registration. Go to your
Sporcle Settings
to finish the process.
Report this User
Report this user for behavior that violates our
Community Guidelines
.
Details:
Send Report
Go to the Sporcle.com Mobile Site →
Comments